Les 10 villes d'Espagne les plus peuplées commençant par A - Statistiques

Statistiques générales
  • Ce quiz a été pris 27 fois
  • Le résultat moyen est 3 sur 10
Statistiques - réponses
# Ville Population % Correct
1 Alicante 349.282
78%
2 Almería 200.578
78%
4 Albacete 173.206
44%
6 Algésiras 123.639
19%
9 Alcalá de Guadaíra 76.975
15%
3 Alcalá de Henares 199.184
15%
8 Arona 85.249
11%
10 Avilés 75.518
11%
7 Alcobendas 119.416
7%
5 Alcrocón 171.772
0%
Aucun quiz correspondant
Distribution des résultats
% des personnes avec chaque résultat
Percentile par nombre de réponses
Votre historique - résultats
Vous n’avez pas pris ce quiz